| 000 | 00381nam a2200157Ia 4500 | ||
|---|---|---|---|
| 008 | 230917s9999||||xx |||||||||||||| ||und|| | ||
| 040 |
_e81008 _aMAIN |
||
| 041 | _aEnglish | ||
| 082 | _a346.092 A25R(19) | ||
| 100 | _aAlexander K | ||
| 245 | 0 | _aRegulation of insider trading | |
| 250 | _a19th ed. | ||
| 260 |
_aLondon _bMacmillan _c1979 |
||
| 300 | _axvi, 474 p. | ||
| 942 | _cBK | ||
| 999 |
_c202198 _d202198 |
||